| 000 | 00795cam a22002411 4500 | ||
|---|---|---|---|
| 001 | l 46000114 | ||
| 003 | DLC | ||
| 005 | 20260227111540.0 | ||
| 008 | 800514s1946 dcua f000 0 eng c | ||
| 010 | _al 46000114 | ||
| 035 | _a(OCoLC)6315754 | ||
| 040 |
_aU.S. Dept. of labor. Libr. _cOCl _dDLC |
||
| 042 | _apremarc | ||
| 050 | 0 | 0 |
_aHD4973 _b.A45 1946 |
| 110 | 1 |
_aUnited States. _bNational Wage Stabilization Board. |
|
| 245 | 1 | 4 | _aThe stabilization of wages in the reconversion period, May 1945- April 1946. |
| 260 |
_aWashington, D.C., _bNational wage stabilization board, _c1946. |
||
| 300 |
_a2 p. l., 38 p. incl. tables. _c26 cm. |
||
| 500 | _aCover-title. | ||
| 500 | _aMimeographed. | ||
| 650 | 0 |
_aWages _zUnited States. |
|
| 650 | 0 |
_aReconstruction (1939-1951) _zUnited States. |
|
| 999 |
_c36549 _d36549 |
||